| 000 | 00335nam a2200133Ia 4500 | ||
|---|---|---|---|
| 005 | 20251222152013.0 | ||
| 008 | 251222s9999||||xx |||||||||||||| ||spa|| | ||
| 020 | _a9972-1-0327-7 | ||
| 082 | _a577.085/B81 | ||
| 100 | _a"Brack Egg, AntonioMendiola Vargas, Cecilia" | ||
| 245 | 0 | _aEcologĂa del PerĂș | |
| 250 | _a2a.ed. | ||
| 942 | _cLIB | ||
| 999 |
_c24995 _d24995 |
||